000
00289 a2200133 4500
999
_c
324906
_d
324906
001
89833
003
NUST
082
_a
808.0683 SPO
100
_a
Spookies
_9
9856
245
_a
Little chosts
260
_a
UK
_b
Armadillo
_c
2003
300
_a
47p.
500
_a
General Books
942
_a
CAE NUST
_c
BK
_k
808.0683 SPO
_2
ddc